| 000 | 00983nam a22003257a 4500 | ||
|---|---|---|---|
| 001 | 000458 | ||
| 003 | DO-SdBNP | ||
| 005 | 20171109095701.0 | ||
| 007 | 000458 | ||
| 008 | 160901b 2007 sp ||||| |||| 00| 0 spa d | ||
| 020 | _a9788430607624 | ||
| 028 | _a9788430607624 | ||
| 040 |
_aBPMSU _bspa _cBPMSU |
||
| 082 |
_a330.1 _bH437L |
||
| 100 | 1 | _aHeath, Joseph | |
| 245 | 1 | 0 |
_aLucro sucio : _beconomía para los que odian el capitalismo / _cJoseph Heath ; traducción de Estrella Trincado. |
| 260 |
_aMadrid : _bTaurus, _c2009. |
||
| 300 |
_a357 p. : _bil. ; _c24 cm. |
||
| 490 | 1 | _aPensamiento | |
| 500 | _aIncluye índice | ||
| 650 | 4 |
_aECONOMÍA _xASPECTOS POLÍTICOS |
|
| 650 | 4 |
_aECONOMÍA _xFILOSOFÍA |
|
| 650 | 4 | _aECONOMÍA POLÍTICA | |
| 700 | 1 | 2 |
_aTrincado, Estrella, _etr. |
| 830 | 0 | _aPensamiento | |
| 910 | _aValidado. Control de calidad MFF | ||
| 942 |
_2ddc _cBK |
||
| 945 | _aInventariado, 2017/MFF | ||
| 956 |
_2LOPEREZ _310 _620160901 _8BPMSU _a00041 |
||
| 999 |
_c11272 _d11272 |
||